Network and security issues for internet mobile entertainment (Record no. 69532)
[ view plain ]
| 000 -LEADER | |
|---|---|
| fixed length control field | 01126nam a2200277Ia 4500 |
| 245 00 - TITLE STATEMENT | |
| Title | Network and security issues for internet mobile entertainment |
| 260 ## - PUBLICATION, DISTRIBUTION, ETC. (IMPRINT) | |
| Place of publication | Bradford, England : |
| Name of publisher | Emerald Group Publishing, |
| Year of publication | c2004. |
| 300 ## - PHYSICAL DESCRIPTION | |
| Number of Pages | 104 p. |
| 490 1# - SERIES STATEMENT | |
| Series statement | The Electronic Library. Number 1 ; |
| 650 #0 - SUBJECT ADDED ENTRY--TOPICAL TERM | |
| Topical Term | Internet |
| Topical Term | Computer networks |
| 856 40 - ELECTRONIC LOCATION AND ACCESS | |
| Uniform Resource Identifier | http://site.ebrary.com/lib/rucke/Doc?id=10058621 |
No items available.
